De mentes jóvenes: escritos sobre prevención integral
Este libro es una publicación de ocho ensayos, los cuales tienen como tema los jóvenes y la prevención del abuso de drogas.
Saved in:
| 企業作者: | |
|---|---|
| 格式: | 圖書 |
| 語言: | Spanish |
| 出版: |
Bogotá:
Editora Guadalupe,
1998
|
| 版: | 1 |
| 叢編: | Ciudad y drogas, ensayos;
No. 3 |
| 主題: | |
| 在線閱讀: | Enlace del recurso |
| 標簽: |
添加標簽
沒有標簽, 成為第一個標記此記錄!
|
MARC
| LEADER | 00000nam a2200000 a 4500 | ||
|---|---|---|---|
| 001 | 000886 | ||
| 008 | 030415s1998 ck a fr# #000|0#spa#d | ||
| 020 | |a 958-662-019-0 | ||
| 041 | 0 | |a spa | |
| 043 | |a s-ck--- | ||
| 082 | 0 | 4 | |a 334 |b B64d |
| 110 | 2 | |a Bogotá. |b Alcaldía Mayor. |b Unidad Coordinadora de Prevención Integral | |
| 245 | 1 | 0 | |a De mentes jóvenes: |b escritos sobre prevención integral |c Unidad Coordinadora de Prevención Integral |
| 250 | |a 1 | ||
| 260 | |a Bogotá: |b Editora Guadalupe, |c 1998 | ||
| 300 | |a 104 p.: |b il. | ||
| 440 | 0 | |a Ciudad y drogas, ensayos; |v No. 3 | |
| 520 | 3 | |a Este libro es una publicación de ocho ensayos, los cuales tienen como tema los jóvenes y la prevención del abuso de drogas. | |
| 650 | 1 | 4 | |a ABUSO DE DROGAS |x PREVENCIÓN |
| 650 | 1 | 4 | |a DROGAS Y JÓVENES |
| 999 | |c 3038 |d 3038 | ||
| 856 | |u https://catalogo.idep.edu.co/cgi-bin/koha/opac-detail.pl?biblionumber=3038 |z Enlace del recurso | ||